| 000 | 00417nam a2200157 i 4500 | ||
|---|---|---|---|
| 001 | 66271 | ||
| 003 | ES-MaACL | ||
| 005 | 20230906165601.0 | ||
| 007 | t| | ||
| 008 | 040130s1973 sp ||||1| spa d | ||
| 100 | 1 |
_aGaldeano, Javier G. _953352 |
|
| 245 | 1 | 0 |
_aPastoral de los enfermos / _cJavier G. Galdeano. |
| 260 |
_aMadrid : _bPS, _c[1973] |
||
| 300 |
_a209 p. ; _c21 cm. |
||
| 852 |
_aES-MaACL _jC-52929 _bR.86040 |
||
| 999 |
_c66271 _d66271 |
||